[Event "Caribean-chT Rapid 24th"]
[Site "San Salvador"]
[Date "2023.07.05"]
[Round "11.1"]
[White "Mathurin, Nathaniel"]
[Black "Hernandez Guerrero, Gilberto Eduardo"]
[Result "1/2-1/2"]
[WhiteElo "1872"]
[BlackElo "2527"]
[PlyCount "107"]
[EventDate "2023.07.03"]
[EventType "tourn (rapid)"]
[EventRounds "15"]
[EventCountry "ESA"]
[SourceTitle "CBM 215 Extra"]
[Source "ChessBase"]
[SourceDate "2023.09.30"]
[SourceVersion "1"]
[SourceVersionDate "2023.09.30"]
[SourceQuality "1"]
[WhiteTeam "Santa Lucia"]
[BlackTeam "Mexico"]
[WhiteTeamCountry "SLU"]
[BlackTeamCountry "MEX"]

1. d4 Nf6 2. Nf3 g6 3. c4 Bg7 4. Nc3 0-0 5. e4 d6 6. Be2 c5 7. d5 e6 8. 0-0 exd5 9. cxd5 Bg4 10. h3 Bxf3 11. Bxf3 a6 12. Be3 Nbd7 13. a4 Rb8 14. Re1 b5 15. axb5 axb5 16. Ra6 b4 17. Nb1 Ne5 18. Bf4 Qe7 19. Nd2 Nfd7 20. Be2 Ra8 21. Qa4 Rxa6 22. Qxa6 g5 23. Bg3 h6 24. Nb3 f5 25. exf5 c4 26. Bxe5 Nxe5 27. Nc1 Rxf5 28. Rf1 Qc7 29. Na2 Qc5 30. Qb7 c3 31. bxc3 bxc3 32. Qb8+ Rf8 33. Qb3 Ng6 34. Bd3 Nf4 35. Bc4 Rc8 36. Ba6 Ra8 37. Bc4 Qa7 38. Nxc3 Rb8 39. Nb5 Qc5 40. Qa4 Rc8 41. Bb3 Rb8 42. Bc4 Rc8 43. Bb3 Be5 44. g3 Nd3 45. Qe4 Nxf2 46. Qg6+ Bg7 47. Rxf2 Rf8 48. Qe6+ Kh8 49. Qe2 Rxf2 50. Qxf2 Qxb5 51. Qe3 Be5 52. Kg2 Qb4 53. h4 Qc3 54. Qxc3 1/2-1/2

[Event "Caribean-chT Rapid 24th"]
[Site "San Salvador"]
[Date "2023.07.04"]
[Round "9.1"]
[White "Mathurin, Nathaniel"]
[Black "Escalona Landi, Samid Eduardo"]
[Result "0-1"]
[WhiteElo "1872"]
[BlackElo "2233"]
[PlyCount "75"]
[EventDate "2023.07.03"]
[EventType "tourn (rapid)"]
[EventRounds "15"]
[EventCountry "ESA"]
[SourceTitle "CBM 215 Extra"]
[Source "ChessBase"]
[SourceDate "2023.09.30"]
[SourceVersion "1"]
[SourceVersionDate "2023.09.30"]
[SourceQuality "1"]
[WhiteTeam "Santa Lucia"]
[BlackTeam "Venezuela"]
[WhiteTeamCountry "SLU"]
[BlackTeamCountry "VEN"]

1. d4 Nf6 2. c4 g6 3. b3 Bg7 4. Bb2 0-0 5. g3 d6 6. Bg2 Nbd7 7. Nf3 c6 8. 0-0 Qc7 9. Nc3 e5 10. dxe5 dxe5 11. Qc2 Re8 12. Nd2 Nf8 13. Rad1 Bf5 14. e4 Bg4 15. f3 Bd7 16. c5 Ne6 17. Ne2 Rad8 18. Kh1 Bc8 19. b4 b6 20. Nc4 bxc5 21. Bxe5 Qe7 22. Nd6 Rf8 23. Nxc8 Rxc8 24. Bd6 Qb7 25. Bxf8 Bxf8 26. bxc5 Nxc5 27. Nc3 Ne6 28. Qb3 Qc7 29. Bh3 Rb8 30. Qc2 Ng5 31. Bg2 Nh5 32. Ne2 c5 33. Rb1 Re8 34. f4 Ne6 35. e5 Nhg7 36. Rb7 Qa5 37. Rd1 Nf5 38. Rdd7 0-1

[Event "Central America-ch 24th"]
[Site "San Salvador"]
[Date "2023.01.21"]
[Round "5"]
[White "Mathurin, Nathaniel"]
[Black "De Mey, Juan Pablo"]
[Result "0-1"]
[WhiteElo "1802"]
[BlackElo "2013"]
[PlyCount "66"]
[EventDate "2023.01.21"]
[EventType "swiss"]
[EventRounds "11"]
[EventCountry "ESA"]
[SourceTitle "CBM 212 Extra"]
[Source "ChessBase"]
[SourceDate "2023.03.31"]
[SourceVersion "1"]
[SourceVersionDate "2023.03.31"]
[SourceQuality "1"]

1. e4 c5 2. Nf3 d6 3. d4 cxd4 4. Nxd4 Nf6 5. Nc3 g6 6. Bg5 Bg7 7. Bb5+ Nbd7 8. Qe2 0-0 9. 0-0-0 a6 10. Bxd7 Bxd7 11. e5 dxe5 12. Nf3 Qe8 13. Nxe5 Be6 14. Rhe1 Rc8 15. Qe3 b5 16. Qb6 b4 17. Qxb4 Rb8 18. Qa3 Rb7 19. Nd3 Bf5 20. Bxf6 Bxf6 21. Nd5 Qc6 22. Nxe7+ Bxe7 23. Rxe7 Rxe7 24. Qxe7 Qxg2 25. Qh4 Rc8 26. Ne1 Qa8 27. Qd4 a5 28. h4 h5 29. a3 Qc6 30. Rd2 Qh1 31. Rd1 Qc6 32. Qd5 Qa4 33. Qd4 Rxc2+ 0-1

[Event "Olympiad-44"]
[Site "Chennai"]
[Date "2022.08.03"]
[Round "6.3"]
[White "Mathurin, Nathaniel"]
[Black "Matola, Ernest"]
[Result "1-0"]
[WhiteElo "1722"]
[BlackElo "1964"]
[PlyCount "63"]
[EventDate "2022.07.29"]
[EventType "team-swiss"]
[EventRounds "11"]
[EventCountry "IND"]
[SourceTitle "CBM 210"]
[Source "ChessBase"]
[SourceDate "2022.10.31"]
[SourceVersion "1"]
[SourceVersionDate "2022.10.31"]
[SourceQuality "1"]
[WhiteTeam "Santa Lucia"]
[BlackTeam "Malawi"]
[WhiteTeamCountry "SLU"]
[BlackTeamCountry "MWI"]

1. d4 Nf6 2. Nf3 g6 3. c4 Bg7 4. Nc3 0-0 5. e4 d6 6. Be2 Nbd7 7. 0-0 e5 8. Be3 Re8 9. d5 Nc5 10. Nd2 a5 11. a3 h5 12. f3 Nh7 13. b4 Nd7 14. c5 Ndf8 15. cxd6 cxd6 16. Nc4 axb4 17. Nb5 Nd7 18. axb4 Rxa1 19. Qxa1 f5 20. exf5 gxf5 21. Ncxd6 e4 22. Bd4 exf3 23. Bxf3 Ndf6 24. Nxe8 Qxe8 25. Nd6 Qd7 26. Nxc8 Qxc8 27. b5 Qc4 28. b6 h4 29. d6 Qe6 30. Bxb7 Qxd6 31. Rxf5 Ng4 32. Bd5+ 1-0

[Event "Olympiad-44"]
[Site "Chennai"]
[Date "2022.08.02"]
[Round "5.3"]
[White "Mirulla, David"]
[Black "Mathurin, Nathaniel"]
[Result "0-1"]
[WhiteElo "1953"]
[BlackElo "1722"]
[PlyCount "90"]
[EventDate "2022.07.29"]
[EventType "team-swiss"]
[EventRounds "11"]
[EventCountry "IND"]
[SourceTitle "CBM 210"]
[Source "ChessBase"]
[SourceDate "2022.10.31"]
[SourceVersion "1"]
[SourceVersionDate "2022.10.31"]
[SourceQuality "1"]
[WhiteTeam "Kap Verde"]
[BlackTeam "Santa Lucia"]
[WhiteTeamCountry "KAP"]
[BlackTeamCountry "SLU"]

1. e4 c5 2. Nf3 d6 3. d4 Nf6 4. dxc5 Nxe4 5. cxd6 Nc6 6. Bd3 Nxd6 7. h3 g6 8. 0-0 Bg7 9. Re1 0-0 10. c3 Qb6 11. Qb3 Be6 12. Qxb6 axb6 13. Be3 Bxa2 14. Bxb6 Bc4 15. Rxa8 Rxa8 16. Bc2 Ra2 17. b3 Rxc2 18. bxc4 Nxc4 19. Bc5 Bf6 20. Kf1 b6 21. Be3 b5 22. Re2 Rxe2 23. Kxe2 Kf8 24. Nfd2 Nd6 25. Bc5 Nb7 26. Ba3 Ke8 27. Kd3 Be5 28. Nf3 f6 29. Nbd2 Bc7 30. c4 b4 31. Bb2 Nc5+ 32. Kc2 e5 33. Ne1 Na5 34. f3 Kd7 35. Ne4 Nxe4 36. fxe4 Nxc4 37. Bc1 Kc6 38. Kb3 Kb5 39. Bh6 Bd6 40. Nd3 Na5+ 41. Kc2 Kc4 42. Be3 b3+ 43. Kd2 Bb4+ 44. Ke2 Ba3 45. Kd2 b2 0-1

[Event "Las Americas op U1800 Hybrid"]
[Site "Internet"]
[Date "2022.06.04"]
[Round "2.4"]
[White "Mathurin, Nathaniel"]
[Black "Guo, Hazel"]
[Result "1/2-1/2"]
[WhiteElo "1722"]
[BlackElo "1526"]
[PlyCount "72"]
[EventDate "2022.06.04"]
[EventType "swiss"]
[EventRounds "6"]
[EventCountry "VEN"]
[SourceTitle "EXT 2024"]
[Source "ChessBase"]
[SourceDate "2023.10.10"]
[SourceVersion "1"]
[SourceVersionDate "2023.10.10"]
[SourceQuality "1"]

1. d4 e6 2. Nf3 f5 3. g3 Nf6 4. Bg2 b6 5. Ne5 c6 6. c4 Bb4+ 7. Bd2 Bxd2+ 8. Qxd2 d5 9. Nc3 Bb7 10. Rc1 0-0 11. 0-0 Nbd7 12. cxd5 exd5 13. Nd3 Ne4 14. Nxe4 fxe4 15. Nf4 Qe7 16. Bh3 Nf6 17. Rc3 Bc8 18. Bxc8 Raxc8 19. Rfc1 g5 20. Nh3 h6 21. Kg2 c5 22. b3 Rc7 23. R1c2 Rfc8 24. f3 exf3+ 25. exf3 cxd4 26. Qxd4 Rxc3 27. Rxc3 Rxc3 28. Qxc3 Kf7 29. Nf2 Qc5 30. Qe5 d4 31. Qxf6+ Kxf6 32. Ne4+ Ke5 33. Nxc5 bxc5 34. Kf2 Kd5 35. Ke2 h5 36. Kd3 h4 1/2-1/2

[Event "Online Olym Base C"]
[Site "Chess.com INT"]
[Date "2020.07.25"]
[Round "1.3"]
[White "Mohamed, Abderrahim Taleb Mo"]
[Black "Mathurin, Nathaniel"]
[Result "1-0"]
[WhiteElo "1811"]
[BlackElo "1695"]
[PlyCount "101"]
[EventDate "2020.07.25"]
[EventType "team-tourn (rapid)"]
[EventRounds "9"]
[EventCountry "USA"]
[SourceTitle "CBM 198"]
[Source "ChessBase"]
[SourceDate "2020.10.31"]
[SourceVersion "1"]
[SourceVersionDate "2020.10.31"]
[SourceQuality "1"]
[WhiteTeam "Mauritania"]
[BlackTeam "Santa Lucia"]
[WhiteTeamCountry "MAU"]
[BlackTeamCountry "SLU"]

1. e4 c5 2. Nf3 d6 3. d4 cxd4 4. Nxd4 Nf6 5. Nc3 a6 6. Be2 e5 7. Nf3 Be7 8. 0-0 0-0 9. Bg5 Nbd7 10. a4 b6 11. Re1 Bb7 12. Bd3 Qc7 13. Nd2 h6 14. Bxf6 Nxf6 15. Nc4 Nd7 16. Ne3 Rfe8 17. f3 Bg5 18. Ned5 Qc5+ 19. Kh1 Bxd5 20. Nxd5 b5 21. b4 Qc6 22. axb5 axb5 23. Qe2 Rxa1 24. Rxa1 Ra8 25. Rxa8+ Qxa8 26. Bxb5 Qa7 27. g3 Nb6 28. Nxb6 Qxb6 29. Kg2 Be3 30. c3 Bc1 31. Bc4 g6 32. Bb3 Kg7 33. Qc4 Qa7 34. b5 Be3 35. Qd5 Bc5 36. f4 exf4 37. gxf4 Qe7 38. h3 h5 39. e5 dxe5 40. Qxe5+ Qxe5 41. fxe5 Kf8 42. Kf3 Ke7 43. Ke4 f5+ 44. exf6+ Kxf6 45. Kd5 Bf2 46. Kc6 g5 47. b6 g4 48. hxg4 hxg4 49. Bd5 Ke7 50. c4 Kd8 51. c5 1-0